Manual de medicina legal: práctica forense

Saved in:
Bibliographic Details
Main Author: Achával, Alfredo (Author)
Format: Book
Language:Spanish
Published: Buenos Aires Abeledo-Perrot 1994
Edition:4a. ed
Subjects:
Tags: Add Tag
No Tags, Be the first to tag this record!

MARC

LEADER 00000nam a2200000 a 4500
001 UCP3139
003 CL-VaPUC
008 990611e19940000AG |||||||||||||||||spa|d
082 0 4 |a 344.04  |b ACH  |2 21 
100 0 |a Achával, Alfredo  |e author  |9 430285 
245 1 0 |a Manual de medicina legal: práctica forense 
250 |a 4a. ed 
300 |a 1045 p 
942 |c BK 
945 |d 19990611 00:00:00  |a rbrito 
260 |a Buenos Aires  |b Abeledo-Perrot  |c 1994 
650 7 |a MEDICINA LEGAL  |2 CL-VaPUC  |9 430286 
650 7 |a LEGISLACION  |2 CL-VaPUC  |9 430287 
650 7 |a LESIONES  |2 CL-VaPUC  |9 341963 
650 0 |a Muerte  |9 265114 
650 0 |a Médicos   |9 339460 
650 0 |a Código de ética  |9 430288 
650 7 |a LEGISLACION ARGENTINA  |2 CL-VaPUC  |9 430289 
650 0 |a Argentina  |9 430290 
650 0 |a Delitos  |9 224143 
651 7 |a CHILE  |2 CL-VaPUC  |9 430291 
583 |a last modification  |c 19990611 00:00:00  |k Rodrigo Vera 
999 |c 281565  |d 281563 
952 |0 0  |1 0  |4 0  |6 344_040000000000000_ACH_1994  |7 0  |8 A  |9 322404  |a BIBDER  |b BIBDER  |d 2019-11-20  |i 3527506  |o 344.04 ACH 1994  |p 3527506  |r 2023-01-25  |w 2019-11-20  |y BK  |k DER